MARC

Tag First Indicator Second Indicator Subfields
LEADER 00000cas a2200000 a 4500
001 in00001669913
005 20151024123605.0
006 m d
007 cr mnu||||||||
008 000520d19852002gw br pss 0 0eng c
010 |a  2001262335 
022 |a 1521-3838  |l 0931-8771  |y 0931-8771 
029 1 |a OCLCS  |b 4693 
029 1 |a OCLCS  |b OP-15327 
029 1 |a NZ1  |b 6581097 
029 1 |a NZ1  |b 12137136 
029 1 |a AU@  |b 000044927362 
035 |a (OCoLC)ocm44089758 
035 |a (OCoLC)44089758 
040 |a OH1  |c OH1  |d TJC  |d OCL  |d CGU  |d OCLCQ  |d WAU  |d OCLCQ  |d OCL  |d ZYU  |d MUQ  |d OCLCQ  |d UtOrBLW 
042 |a pcc 
049 |a TXAM 
050 1 4 |a RM301.42  |b Q35 Electronic 
130 0 |a Quantitative structure-activity relationships (Online) 
245 1 0 |a Quantitative structure-activity relationships. 
246 1 |i Cover graphic has title:  |a QSAR with abstract service 
246 1 3 |a QSAR 
264 1 |a Weinheim, Fed. Rep. of Germany :  |b Wiley-VCH,  |c -2002. 
310 |a Six issues yearly 
336 |a text  |b txt  |2 rdacontent 
337 |a computer  |b c  |2 rdamedia 
338 |a online resource  |b cr  |2 rdacarrier 
362 1 |a Print began with vol. 4, no. 3 (Sept. 1985). 
362 0 |a -v. 21, issue 6 (Dec. 2002). 
500 |a Description based on: Volume 18, issue 3 (July 1999); title from general information screen (Wiley, initially viewed May 20, 2000; later viewed Mar. 2, 2006). 
500 |a Description based on: Volume 18, issue 3 (July 1999); title from general information screen (viewed May 20, 2000). 
515 |a Has occasional combined issue. 
538 |a Mode of access: World Wide Web. 
500 |a Electronic resource. 
650 0 |a Drugs  |x Structure-activity relationships  |v Periodicals. 
650 0 |a Xenobiotics  |x Structure-activity relationships  |v Periodicals. 
650 0 |a QSAR (Biochemistry)  |v Periodicals. 
650 2 |a Biology  |v Periodicals. 
650 2 |a Chemistry  |v Periodicals. 
650 2 |a Models, Molecular  |v Periodicals. 
650 2 |a Structure-Activity Relationship  |v Abstracts. 
650 2 |a Structure-Activity Relationship  |v Periodicals. 
650 6 |a Médicaments  |x Relations structure-activité  |v Périodiques. 
650 6 |a Xénobiotiques  |x Relations structure-activité  |v Périodiques. 
650 6 |a Relations structure-activité quantitatives (Biochimie)  |v Périodiques. 
776 0 8 |i Online version of the print title:  |t Quantitative structure-activity relationships including molecular modelling and applications of computer graphics in pharmacology, chemistry, and biology  |x 0931-8771  |w (DLC) 92660060  |w (OCoLC)14268674 
785 0 0 |t QSAR & combinatorial science (Online)  |x 1611-0218  |w (DLC) 2006249028  |w (OCoLC)52483729 
949 |a updated  |b h  |c 2010/5/24  |e spoltoratski  |f 11:49:31 am 
994 |a C0  |b TXA 
999 |a MARS 
999 f f |s 1f406941-0d09-3eeb-b46d-58214a288bea  |i bdc45207-1e32-3f22-a442-16381717dcbe  |t 0 
952 f f |a Texas A&M University  |b College Station  |c Electronic Resources  |d Available Online  |t 0  |e RM301.42 .Q35  |g Electronic  |h Library of Congress classification 
998 f f |a RM301.42 .Q35  |t 0  |l Available Online